Conference on disaster management (Record no. 30213)
[ view plain ]
| 000 -LEADER | |
|---|---|
| fixed length control field | 00496nam a22001337a 4500 |
| 008 - FIXED-LENGTH DATA ELEMENTS--GENERAL INFORMATION | |
| fixed length control field | 230515b |||||||| |||| 00| 0 eng d |
| 040 ## - CATALOGING SOURCE | |
| Original cataloging agency | National Science Library |
| Transcribing agency | National Science Library |
| 080 ## - UNIVERSAL DECIMAL CLASSIFICATION NUMBER | |
| Universal Decimal Classification number | 551.515.1(082.2) |
| Item number | P1 |
| 245 ## - TITLE STATEMENT | |
| Title | Conference on disaster management |
| Statement of responsibility, etc. | / Lessons learnt from Orissa cyclone and Gujarat-Rajasthan drought 5-7 March, 2001 |
| 260 ## - PUBLICATION, DISTRIBUTION, ETC. | |
| Place of publication, distribution, etc. | Rajasthan: |
| Name of publisher, distributor, etc. | Birla Institute of Technology & Science, |
| Date of publication, distribution, etc. | 2001 |
| 300 ## - PHYSICAL DESCRIPTION | |
| Extent | 154p. |
| 650 ## - SUBJECT ADDED ENTRY--TOPICAL TERM | |
| Topical term or geographic name entry element | Conference |
| 942 ## - ADDED ENTRY ELEMENTS (KOHA) | |
| Source of classification or shelving scheme | Universal Decimal Classification |
| Koha item type | Proceedings |
| Withdrawn status | Lost status | Source of classification or shelving scheme | Damaged status | Not for loan | Home library | Current library | Shelving location | Date acquired | Total Checkouts | Full call number | Barcode | Date last seen | Price effective from | Koha item type |
|---|---|---|---|---|---|---|---|---|---|---|---|---|---|---|
| Universal Decimal Classification | National Science Library | National Science Library | GF/Rk-9/C-24/R-5 | 17/09/2001 | 551.515.2(082.2) P1 | 179783 | 15/05/2023 | 17/09/2001 | Proceedings |